Antenna handbook : theory, applications, and design /

Bibliographic Details
Other Authors: Lo, Y. T., Lee, S. W.
Format: Book
Language:English
Published: New York : Van Nostrand Reinhold, [1988]
Subjects:

MARC

Tag First Indicator Second Indicator Subfields
LEADER 00000cam a2200000 a 4500
001 in00000753621
005 20151016163522.0
008 870608s1988 nyua b 00100 eng
010 |a  87016833  
020 |a 0442258437 :  |c $130.00 
035 |a (OCoLC)16131354 
035 |9 ADJ4676AM 
040 |a DLC  |c DLC  |d TXA  |d UtOrBLW 
049 |a TXAM  |c [A11538827] 
050 0 0 |a TK7871.6  |b .A495 1988 
082 0 |a 621.38/028/3  |2 19 
245 0 0 |a Antenna handbook :  |b theory, applications, and design /  |c edited by Y.T. Lo, S.W. Lee. 
264 1 |a New York :  |b Van Nostrand Reinhold,  |c [1988] 
264 4 |c ©1988 
300 |a 1 volume (various pagings) :  |b illustrations ;  |c 25 cm. 
336 |a text  |b txt  |2 rdacontent 
337 |a unmediated  |b n  |2 rdamedia 
338 |a volume  |b nc  |2 rdacarrier 
504 |a Includes bibliographies and index. 
650 0 |a Antennas (Electronics) 
700 1 |a Lo, Y. T. 
700 1 |a Lee, S. W. 
999 |a MARS 
999 f f |s 87bce316-174e-39bb-a698-310a734b14cb  |i 783c2682-5a85-3101-b126-3a19ea177d9f  |t 0 
952 f f |p ric  |a Texas A&M University  |b Rellis Campus  |c Joint Library Facility  |d Remote Storage  |t 0  |e TK7871.6 .A495 1988  |h Library of Congress classification  |i unmediated -- volume  |m A14811538827 
998 f f |a TK7871.6 .A495 1988  |t 0  |l Remote Storage